| 000 | 00815nam a2200229 a 4500 | ||
|---|---|---|---|
| 001 | 6013 | ||
| 003 | CDMR | ||
| 005 | 20131022133722.0 | ||
| 008 | 130220s1995||||||||||||||||||||||||||||d | ||
| 020 | _a8434412659 | ||
| 040 |
_aCDMR _bcat _cCPC LLEIDA |
||
| 100 | 1 |
_aCrespo De Lara, Pedro _9674 |
|
| 245 | 1 | 3 |
_aLa empresa periodística en vivo _b: del autoritarismo a la democracia _cPedro Crespo de Lara ; prólogo de Jesús de Polanco ; epílogo de Luis María Anson |
| 260 |
_aBarcelona _bAriel _c1995 |
||
| 300 | _a255 p. | ||
| 490 | 0 | _aAriel Comunicación | |
| 650 | 0 | 4 |
_9311 _aEmpreses periodístiques |
| 650 | 0 | 4 |
_93370 _aMitjans de comunicació de massa _xDret i legislació |
| 650 | 0 | 4 |
_93085 _aMitjans de comunicació de massa _xPolítica governamental |
| 654 |
_91465 _aEmpresa informativa |
||
| 942 |
_cMON _2udc |
||
| 999 |
_c6013 _d6013 |
||